Poemas a María Luisa Gochí y versos a Pío Muriedas / (Record no. 62970)

MARC details
000 -LEADER
campo de control de longitud fija 00485nam a2200157 i 4500
001 - NÚMERO DE CONTROL
campo de control 62970
003 - IDENTIFICADOR DE NÚMERO DE CONTROL
campo de control ES-MaACL
005 - FECHA Y HORA DE LA ÚLTIMA TRANSACCIÓN
campo de control 20230906164747.0
007 - CAMPO FIJO DE DESCRIPCIÓN FÍSICA--INFORMACIÓN GENERAL
campo de control de longitud fija t|
008 - DATOS DE LONGITUD FIJA--INFORMACIÓN GENERAL
campo de control de longitud fija 031127s1980 sp ||||1| spa d
100 1# - ENTRADA PRINCIPAL--NOMBRE DE PERSONA
Nombre de persona Fernández Cueto, Pío.
9 (RLIN) 49616
245 10 - MENCIÓN DEL TÍTULO
Título Poemas a María Luisa Gochí y versos a Pío Muriedas /
Mención de responsabilidad, etc. Pío Fernández Cueto.
260 ## - PUBLICACIÓN, DISTRIBUCIÓN, ETC.
Lugar de publicación, distribución, etc. [Santander :
Nombre del editor, distribuidor, etc. s.n.,
Fecha de publicación, distribución, etc. 1980] (
Fabricante Imp. Guzmán)
300 ## - DESCRIPCIÓN FÍSICA
Extensión 42 p. :
Otras características físicas il. ;
Dimensiones 21 cm.
852 ## - LOCALIZACIÓN
Ubicación ES-MaACL
Número de control de estantería 2113-F-23
Sublocalización o colección R.100055
Holdings
Estatus retirado Estado de pérdida Estado de daño No para préstamo Colección Biblioteca de origen Biblioteca actual Ubicación en estantería Fecha de adquisición Fuente de adquisición Total de préstamos Signatura topográfica completa Código de barras Visto por última vez Precio de reemplazo Tipo de ítem Koha
        Colección de folletos Biblioteca del Ateneo de Madrid Biblioteca del Ateneo de Madrid Depósito folletos 17/01/2008     2113-F-23 1066015 23/02/2023 23/02/2023 Folleto